000 00817 a2200289 4500
999 _c10937
_d10937
020 _a9781849040525 (hbk.)
020 _a1849040524 (hbk.)
050 0 0 _aHC461.5
_b SAS 2010
100 1 _d1899-1995.
_eauthor
245 1 0 _aSugamo diary /
264 _aLondon::
_bHurst &Company,
_c2010
300 _axxxi, 398 p. :
_bport. ;
336 _2rdacontent
_atext
_btxt
337 _2rdamedia
_aunmediated
_bn
338 _2rdacarrier
_avolume
_bnc
504 _aIncludes bibliographical references and index.
650 0 _aIndustrialists
650 0 _aWar criminals
650 0 _aIndustrialists
650 0 _aWar criminals
651 0 _aJapan
651 0 _aJapan
651 0 _aJapan
700 _eauthor
942 _2lcc
_cBK
_h461.5
_iSAS
_kHC